BIBLIOTHÈQUE DE LA MAISON DU MEXIQUE

Logo 1 Logo 2

A la diestra mano de las Indias (notice nᵒ 128)

détails MARC
000 -Sello discográfico
campo de control de longitud fija 01027nam a2200313 4500
005 - Identificación de versión
campo de control 20251017062823.0
010 ## - Número Estándar Internacional de Libros (ISBN)
Número (ISBN) 968-361-365-9
035 ## - Otros números de control del sistema
Número de control del sistema 18542
099 ## - fechas locales
Tipo de ítem Koha LIBRO
100 ## - Datos de procesamiento general
Datos de procesamiento general 19930801d1990 m y1spay5003 ba
105 ## - Campo de datos codificados: Material textual, monográfico
Datos codificados de monografía y 001zy
200 1# - Título y mención de responsabilidad
Título propio A la diestra mano de las Indias
Designación general del material texto impreso
Otra información del título descubrimiento y ocupación colonial de la Baja California
Primer mención de responsabilidad Ignacio del Río
205 ## - Declaración de edición
Declaración de edición 1a ed
210 ## - Publicación, distribución, etc.
Lugar de publicación, distribución, etc. México
Nombre del editor, distribuidor, etc. Universidad Nacional Autónoma de México, Instituto de Investigaciones Históricas
Fecha de publicación, distribución, etc. 1990
215 ## - Descripción física
Designación de material específico y extensión del ítem 108 p
Dimensiones 23 cm
345 ## - Nota de información de adquisición
Fuente de adquisición/dirección de la suscripción [OBSOLETO] Donación
410 #1 - Series
Título Serie Historia Novohispana
Número de volumen 42
607 ## - Nombre geográfico utilizado como tema
Elemento de entrada Baja California (México)
Subdivisión temática Historia
Número Koha 452
607 ## - Nombre geográfico utilizado como tema
Elemento de entrada México
Subdivisión temática Historia
Subdivisión cronológica Conquista, 1519-1540
Número Koha 453
660 ## - Código de área geográfica
Código MX
700 ## - Nombre personal - Responsabilidad primaria
Elemento de entrada Río Chávez
Parte del nombre distinta del elemento de entrada Ignacio Alejandro del
Número Koha 454
801 #0 - Fuente de origen
Agencia cm
900 ## -
-- 1/10482
900 ## -
-- 710936153\\010893
942 ## - ELEMENTOS DE ENTRADA SECUNDARIOS (KOHA)
Tipo de ítem Koha Livre
996 ## -
-- MEX
-- 751145101
-- MMAG
-- 005139
-- 972.2 R585A
-- 20210715LIV
Exemplaires
Estatus retirado Estado de daño Estado de pérdida Fecha de adquisición Biblioteca de origen Biblioteca actual Ubicación en estantería Código de barras Precio de reemplazo Signatura topográfica completa No para préstamo Tipo de ítem Koha Nota pública Nota no pública
      05/08/2025 Casa México Paris Casa México Paris   005139 05/08/2025 972.2 R585A   Livre 20210715LIV 751145101